[Event "Donetzk zt"]
[Site "Donetsk"]
[Date "1998.11.10"]
[Round "8"]
[White "Tukmakov, Vladimir B"]
[Black "Berelowitsch, Alexander"]
[Result "1-0"]
[WhiteElo "2605"]
[BlackElo "2495"]
[Annotator "Ribli,Z"]
[PlyCount "75"]
[EventDate "1998.11.02"]
[EventType "swiss"]
[EventRounds "11"]
[EventCountry "UKR"]
[SourceTitle "CBM 068"]
[Source "ChessBase"]
[SourceDate "1999.02.01"]
[SourceVersion "1"]
[SourceVersionDate "1999.02.01"]
[SourceQuality "1"]

1. Nf3 Nf6 2. c4 c5 3. Nc3 {Einige Monate zuvor spielte Tukmakov gegen
denselben Gegner 3.g3 und nach 3...Nc6 4.Bg2 d5 5.cxd5 Nxd5 6.Nc3 Nc7 war die
Grundstellung der Rubinstein-Variante der Englische Eröffnung erreicht. Ribli.}
Nc6 {Diese Fortsetzung ist viel schärfer als ihre Alternativen 4.g3 oder 4.e3.}
4. d4 cxd4 5. Nxd4 e6 6. g3 Qb6 7. Nb3 Ne5 8. e4 Bb4 9. Qe2 d6 10. Bd2 $5 {
Dieser Zug ist zuletzt sehr beliebt. Weiß bereitet die lange Rochade mit
scharfem Spiel vor.} O-O 11. O-O-O {[#]} a5 {Schwarz möchte ...a4-a3 ziehen,
aber diese Idee ist zweischneidig, denn das Feld b5 wird schwach.} (11... Bd7
12. f4 Ng6 13. Bg2 Bc6 14. Kb1 (14. Rhf1 Rac8 15. g4 d5 16. Kb1 dxc4 17. Nd4
Qxd4 18. Be3 Nxf4 19. Rxf4 Qe5 {0-1 Agrest,E-Wedberg,T/Harplinge 1998/CBM 67
noVC (29)}) 14... Rac8 (14... a5 15. Be3 Qc7 16. Nb5 Bxb5 17. cxb5 a4 18. Nd4
a3 19. b6 Qe7 20. Nc2 d5 21. Qb5 Ng4 22. Bd4 Bd6 23. e5 Bxe5 24. fxe5 axb2 25.
Bc5 Qg5 26. Bxf8 $18 {0-1 Kortschnoj,V-Anand,V/Paris 1991/CBM 26 ext (56)}) 15.
Be1 Bxc3 16. Bxc3 Ba4 17. h4 Bxb3 18. axb3 Qxb3 19. h5 {1-0 Smirin,I-Maryasin,
B/Givatayim 1998/CBM 65 (52)}) (11... Nc6 12. Bg2 (12. g4 Nd7 13. Be3 Nc5 14.
Nxc5 dxc5 15. Na4 Qa6 16. Qc2 Nd4 17. Bxd4 cxd4 18. Rxd4 e5 19. Rd5 Bxg4 20.
Kb1 Rac8 21. Rxe5 Qf6 22. Rd5 b5 $6 (22... Bf3 23. Rg1 Qh4 24. Bd3 Rfe8 $13)
23. Rxb5 Qf3 24. Rg1 Rfd8 25. Bd3 Rxd3 26. Rxb4 Rcd8 27. Nc3 Rd2 $4 28. Qxd2 {
1-0 Gschnitzer,O-Horvath,J/Dornbirn 1990/EXT 97/[ChessBase] (28)}) 12... a5 13.
Be3 Qc7 14. Nb5 Qe7 15. a3 a4 16. N3d4 Bc5 17. Nxc6 Bxe3+ 18. Qxe3 bxc6 19.
Nxd6 e5 20. Rd2 Rb8 21. Rhd1 {1-0 Filippov,V-Notkin,M/Maikop 1998/CBM 66 (33)})
12. f4 Nc6 (12... a4 {Dieser Zug führt zu großen Komplikationen, in denen Weiß
die besseren Chancen zu haben scheint.} 13. fxe5 axb3 14. a3 $1 Bxc3 15. Bxc3
dxe5 16. Bxe5 Qc6 17. Bxf6 gxf6 18. Qg4+ Kh8 19. Qf3 e5 20. Rd5 {1-0 Ivanchuk,
V-Khalifman,A/Elista 1998/CBM 65 (48)}) 13. Be3 Qa6 14. Nb5 {[%csl Gb5]} a4 15.
Nd2 $146 {Weiß möchte nicht mit sofortigem 15.Nc7 Material gewinnen.} (15. Nc7
axb3 16. Nxa6 bxa2 17. Kc2 Rxa6 18. Bg2 $6 e5 19. f5 Bc5 20. b3 Bd7 21. Kb2 Nd4
22. Bxd4 $4 a1=Q+ $1 23. Rxa1 Bxd4+ 24. Kc2 Bxa1 {0-1 Gleizerov,E-Dvoirys,S/
Cheliabinsk 1989/EXT 97 (24)}) 15... a3 16. b3 Qa5 (16... Rb8 17. Bg2 $14) 17.
Bg2 $14 {[%csl Gb5] Weiß hat eine starke Zentrumsstellung errichtet und
besitzt einen guten Springer auf b5, während Schwarz keine Drohungen am
Damenflügel hat.} e5 {[%cal Rc8g4]} (17... Bd7) (17... Ne8 {[%cal Ge8c7]}) 18.
f5 {[%csl Rc8,Yd5] Jetzt kommt Weiß mit g3-g4-g5 und Bauernsturm am
Königsflügel.} Bd7 19. g4 Rfc8 {[%cal Gc8c1] Schwarz droht 20...Qxb5 21.cxb5
Nd4+ mit Materialgewinn.} (19... Ne8 20. g5 Nc7 21. Nxc7 Qxc7 22. f6 $40) 20.
g5 Ne8 (20... Qxb5 21. gxf6 $16 {[%csl Rg8]}) 21. Kb1 {[%csl Gb1]} (21. g6 hxg6
(21... Qxb5 $2 22. gxf7+ $18) 22. fxg6 fxg6 $13) 21... Ne7 22. Rc1 $6 (22. f6
gxf6 (22... Ng6 23. fxg7) 23. gxf6 Ng6 24. Rhf1 Bxb5 25. cxb5 Bc5 $13) 22... d5
$1 $13 {[#]Eine starke Fortsetzung. Nach diesem Befreiungszug bekommt auch
Schwarz seine Chancen.} 23. exd5 (23. g6 hxg6 24. fxg6 f5 $17) 23... Nxf5 {
[%csl Yd6]} (23... Bxf5+ $6 24. Ne4 $14) 24. Ne4 Bxb5 25. cxb5 Nxe3 (25... Ned6
$5 $15 {[%csl Gd6] Schwarz hat eine ideale Blockadestellung auf d6 errichtet.}
26. Rxc8+ $6 (26. Bh3 Rxc1+ 27. Rxc1 Nxe4 28. Bxf5 Nc3+ $17 {[%cal Rc3e2,Rc3b1]
}) 26... Rxc8 27. Bh3 $4 Nxe4 28. Bxf5 Nc3+ $19 {[%cal Rc3e2,Rc3b1]}) 26. Qxe3
Nd6 27. Nxd6 Bxd6 {[%csl Gd6] Wir haben materielles Gleichgewicht bei
ungleichfarbigen Läufern. Die weiße Königsstellung ist etwas schwach und der
Läufer g2 steht passiv.} 28. b6 g6 $2 {Dieser Zug hilft dem Weißen.} (28... Rc5
$1 $15 {[%csl Rb6]}) 29. h4 $40 {[%csl Rg8]} Bc5 30. Qh3 $1 {[%csl Rg8,Gh1,Gh3]
} Qxb6 31. h5 Rc7 {[%cal Gc7h7]} 32. Be4 $44 {[%csl Ge4,Rg8,Gh1,Gh3] Weiß hat
gutes Spiel für den Bauern, der schwarze König ist angreifbar.} (32. hxg6 fxg6
{[%cal Gc7h7]}) 32... Qb4 (32... Rac8) 33. Rc4 Qd2 $2 {[%cal Rd2b2] In Zeitnot
verliert Schwarz sofort.} (33... Qb6 {Das ist klar die beste Möglichkeit für
Schwarz. Weiß hat Angriffschancen am Königsflügel, aber es gibt nichts
konkretes.} 34. hxg6 fxg6 35. Rxc5 Qxc5 36. Qe6+ Kh8 (36... Kf8 37. Bxg6 Qf2
38. Qxe5 Qb2+ 39. Qxb2 axb2 40. Kxb2 $14) 37. Qxe5+ Kg8 38. Qe6+ $11 {Weiß hat
Dauerschach, aber nicht mehr.} (38. Bxg6 Rac8 {[%csl Rb1][%cal Rc8c1]}) 38...
Kh8 39. d6 (39. Qxg6 $2 Qc1+ 40. Rxc1 Rxc1+ 41. Kxc1 hxg6 $17) 39... Qc3 $132 {
[%cal Rc3b2]}) 34. Rc2 Qd4 (34... Qxg5 35. hxg6 fxg6 36. d6 $18 {[%csl Gc2,Ge4,
Rg8,Gh1,Gh3] Und alle weißen Figuren nehmen am Angriff teil.}) 35. hxg6 $18
Qxe4 (35... fxg6 36. Qe6+ Kh8 (36... Kf8 37. Bxg6 $18 {[%csl Rf8]}) 37. Qxg6 {
[%csl Rh7]} Qg1+ 38. Rc1 $18) 36. Qxh7+ Kf8 37. g7+ {[%cal Rh7e4,Rg7f8]} Ke7
38. Qxe4 {Und Schwarz gab auf.} 1-0

[Event "Budapest Honved"]
[Site "Budapest"]
[Date "1991.??.??"]
[Round "?"]
[White "Schlosser, Philipp"]
[Black "Stern, Rene"]
[Result "1-0"]
[WhiteElo "2485"]
[BlackElo "2360"]
[Annotator "Ribli,Z"]
[PlyCount "73"]
[EventDate "1991.??.??"]
[EventType "tourn"]
[EventRounds "11"]
[EventCountry "HUN"]
[EventCategory "9"]
[SourceTitle "CBM 027"]
[Source "ChessBase"]
[SourceDate "1992.04.01"]
[SourceVersion "1"]
[SourceVersionDate "1992.04.01"]
[SourceQuality "1"]

1. c4 c5 2. Nf3 Nc6 3. d4 cxd4 4. Nxd4 Nf6 5. Nc3 e6 6. g3 Qb6 7. Ndb5 $5 Bc5 (
7... Ne5 $5) 8. Nd6+ Ke7 9. Nde4 Nxe4 10. Nxe4 Qb4+ (10... Bb4+ 11. Bd2 d5 12.
cxd5 exd5 13. Nc3 Be6 14. Bg2 Rhd8 15. O-O Kf8 $6 (15... Bxc3 $5 16. bxc3 Kf8
17. Rb1 Qa6 18. Bf4 Rac8 19. Rb2 Kg8 20. Rd2 $14 {Olafsson,H-De Firmian,N
Reykjavik op 1990 EXP/18}) 16. Na4 Qa5 17. Bxb4+ Qxb4 18. Rc1 Qe7 19. Nc5 Rac8
20. Qa4 a6 21. Rfd1 $16 {Christiansen,L-Tolnai,T WchT Luzern 1989 CBM/16}) 11.
Nc3 Ne5 (11... Qxc4 $2 12. e3 Qb4 13. a3 Qb6 14. Na4 $18) 12. e3 $1 b5 13. a3
Qa5 14. Bg2 $1 Ba6 15. Bd2 $1 Qc7 16. cxb5 Bb7 17. O-O Bxg2 18. Kxg2 Qb7+ 19.
e4 Rhc8 20. Qe2 Bd4 21. Rad1 Kf8 22. Be1 Rc4 23. b3 $1 $16 Rxc3 24. Rxd4 Rxb3
25. Bb4+ Kg8 26. f4 Ng6 27. Rfd1 d5 28. exd5 exd5 29. Rxd5 h6 30. Qe4 $1 Qb6
31. f5 Nf8 32. Rc5 Rb8 33. Qc6 Rb2+ 34. Kh3 Re8 $2 35. Qxe8 Qf6 36. Qxf8+ Kxf8
37. Rc8# 1-0

[Event "Drury Lane"]
[Site "London"]
[Date "1997.06.23"]
[Round "8"]
[White "Lalic, Bogdan"]
[Black "Emms, John M"]
[Result "1/2-1/2"]
[WhiteElo "2585"]
[BlackElo "2535"]
[Annotator "Ribli,Z"]
[PlyCount "39"]
[EventDate "1997.06.16"]
[EventType "tourn"]
[EventRounds "9"]
[EventCountry "ENG"]
[EventCategory "10"]
[SourceTitle "CBM 060"]
[Source "ChessBase"]
[SourceDate "1997.09.29"]
[SourceVersion "1"]
[SourceVersionDate "1997.09.29"]
[SourceQuality "1"]

1. c4 c5 2. Nf3 Nc6 3. d4 cxd4 4. Nxd4 Nf6 5. Nc3 e6 6. g3 Qb6 7. Ndb5 Ne5 8.
Bf4 {Das ist eine relativ neue Fortsetzung, die zu interessantem taktischem
Spiel führt.} (8. Bg2 a6 9. Qa4 (9. Be3 Qa5 10. Bf4 axb5 11. Bxe5 bxc4 12. Bxf6
gxf6 13. Qd4 Bg7 14. Qxc4 d5 15. Qd3 f5 16. O-O O-O {0-1 Bollow,T-Emms,J/
Hamburg op 1992 (26)}) 9... Rb8 10. Be3 Bc5 11. Bxc5 Qxc5 12. Qa3 b6 13. Nd6+
Ke7 14. Qxc5 bxc5 15. Nxc8+ Rhxc8 16. b3 d5 $1 (16... g5 17. Rd1 (17. O-O-O h5
18. h4 gxh4 19. Rxh4 Ng6 20. Rhh1 Rh8 21. Be4 Ng4 22. Bxg6 fxg6 23. Ne4 Rbc8
24. f3 Ne5 25. Rd6 g5 {1/2-1/2 Duncan,C-Emms,J/Gausdal TM 1996}) 17... h5 18.
h3 g4 19. hxg4 hxg4 20. Kd2 Rh8 21. Ke3 Rxh1 22. Rxh1 d6 23. Rh6 a5 {Holst,
A-Emms,J/Copenhagen op 1994/1/2-1/2 (94)}) 17. cxd5 c4 18. b4 Rxb4 19. h3 Ne8
20. f4 Nd7 21. dxe6 fxe6 22. Be4 Nef6 23. Bc2 Nc5 24. Rd1 Rb2 {0-1 Timman,
J-Alterman,B/EU-chTM 1997 (33)}) 8... Nfg4 (8... Bc5 9. Bg2 $1 Bxf2+ 10. Kf1
Nfg4 11. Qd6 $1 Nxc4 12. Nc7+ Kd8 13. Qxb6 Bxb6 14. Nxa8 $18) 9. e3 a6 (9...
Qc6 $6 {Auf den ersten Blick ein sehr logischer Zug, aber die konkreten
Verwicklungen sind vorteilhaft für Weiß.} 10. h3 $1 {[#]} Nf3+ 11. Ke2 Nge5 12.
b3 g5 13. Bg2 $1 $16 {1-0 Kortschnoj,V-Greenfeld,A/Beersheba m 1995 (42)}) (
9... g5 $6 10. Bxg5 $1 a6 11. h3 f6 12. Bh4 $8 Nxe3 13. fxe3 $1 axb5 14. Bxf6
$1 Bg7 $5 15. Qh5+ Nf7 16. Bxg7 Qxe3+ {1-0 Marin,M-Komljenovic,D/Andorra op
1997 (32)}) 10. h3 (10. Nc7+ Qxc7 11. Qxg4 {Anand,V-Leko,P/Wijk (11) 1996/1-0 
(54) Obwohl Weiss hat diese Partie gewonnen,die Stellung ist guenstig fuer
schwarz.Ribli.}) 10... axb5 11. hxg4 Nxc4 (11... Ng6 12. cxb5 e5 13. Bg5 h6 14.
Bh4 Bb4 15. Bg2 Qxb5 16. g5 {Har Zvi,R-Henriksen,G/Gausdal Eikrem 1996/1-0 (49)
}) 12. Qb3 {Das ist ein theoretischer Vorschlag von Anand nach seiner Partie
gegen Leko. (Anand-Leko/Wijk/1996)} d5 $11 (12... Qc6 13. Nxb5 (13. e4 $14) (
13. Rh5 $5) 13... Qxh1 14. Qxc4 $36 {[%csl Rc7][%cal Rb5c7]} (14. Nc7+ Kd8 15.
Qxc4 (15. Nxa8 Qxf1+ 16. Kxf1 Nd2+ 17. Ke2 Nxb3 18. axb3 $13) 15... d5 $13))
13. Bxc4 (13. Qxb5+ Qxb5 (13... Bd7 14. Qxb6 Nxb6 15. Nb5 $6 $15 Bb4+) 14. Nxb5
Bb4+ 15. Ke2 Ke7 $15) (13. Nxb5 Qa5+ 14. Nc3 e5 $36) 13... dxc4 14. Qxb5+ Qxb5
15. Nxb5 Bb4+ 16. Ke2 O-O {Weiß hat eine aktive Stellung, aber der Gegner hat
das Läuferpaar. Der c4-Bauer ist ein wenig schwach, aber Weiß hat auch Sorgen
mit seinem Doppelbauern.} (16... Ra5 17. a4 Bd7 18. Bd6 Bxd6 19. Nxd6+ Ke7 20.
Nxb7 Rxa4 21. Nc5 Raa8 22. Nxd7 Kxd7 23. Kd2 {1-0 Schroll,G-Miniboeck,G/
AUT-chT96/97 1997 (40)}) 17. Bd6 (17. Rhc1 Ra5 (17... e5 18. Bxe5 Bxg4+ 19. f3
Be6 20. Nc7 $14) 18. Nd6 e5 {[%csl Rf4]}) (17. a3 $5 {Ich glaube,das ist ein
nuetzlicher Zug,als in einigen Varianten der a2-Bauer ist schwach.Ribli.} Be7
18. Bd6) 17... Bxd6 18. Nxd6 e5 19. g5 (19. Nxc8 Rfxc8 $11) 19... Be6 20. Rh4 {
Und in dieser gleiche Stellung wurde remis gegeben.} (20. Rh4 b5 (20... c3 $5
21. bxc3 Bxa2 $11) 21. Nxb5 Rab8 (21... Rfb8 22. Nc7 (22. a4 $2 Rxb5 23. axb5
Rxa1 $19) 22... Rxb2+ 23. Kf3 Raxa2 24. Rxa2 Rxa2 25. Nxe6 fxe6 26. Rxc4 Kf7
27. Re4 Ra5 $11) 22. a4 Bd7 23. Rxc4 Bxb5 24. axb5 Rxb5 $14) 1/2-1/2

[Event "Hastings 9091"]
[Site "Hastings"]
[Date "1990.12.??"]
[Round "7"]
[White "Speelman, Jonathan S"]
[Black "Chandler, Murray G"]
[Result "1/2-1/2"]
[WhiteElo "2605"]
[BlackElo "2560"]
[Annotator "Ribli,Z"]
[PlyCount "39"]
[EventDate "1990.12.??"]
[EventType "tourn"]
[EventRounds "14"]
[EventCountry "ENG"]
[EventCategory "13"]
[SourceTitle "CBM 022"]
[Source "ChessBase"]
[SourceDate "1991.06.01"]
[SourceVersion "1"]
[SourceVersionDate "1991.06.01"]
[SourceQuality "1"]

1. c4 c5 2. Nf3 Nc6 3. Nc3 Nf6 4. d4 cxd4 5. Nxd4 e6 6. a3 Bc5 7. Nb3 Be7 8.
Bf4 (8. e4 O-O 9. Be2 b6 10. Be3 Ba6 {Stohl,I-Horvath,Jo Stary Smokovec 1990
CBM/21}) 8... O-O (8... d5 9. cxd5 Nxd5 10. Nxd5 exd5 11. e3 Bf6 12. Rb1 O-O
13. Bd3 h6 14. O-O {Dorfman,I-Hansen,Cu Debrecen 1990 CBM/20}) 9. Rc1 (9. e3 d6
10. Be2 b6 11. O-O Bb7 $10) 9... d5 (9... d6 $5) 10. cxd5 Nxd5 11. Nxd5 exd5
12. e3 Bf6 13. Qc2 d4 14. Bd3 h5 15. e4 Be5 16. Bd2 Qf6 17. O-O Bf4 18. Bxf4
Qxf4 19. g3 Qh6 20. f4 1/2-1/2

[Event "SWE-ch"]
[Site "Skara"]
[Date "2002.07.13"]
[Round "12"]
[White "Agrest, Evgenij"]
[Black "Barkhagen, Jonas"]
[Result "1/2-1/2"]
[WhiteElo "2584"]
[BlackElo "2455"]
[Annotator "Ribli,Z"]
[PlyCount "92"]
[EventDate "2002.06.30"]
[EventType "tourn"]
[EventRounds "13"]
[EventCountry "SWE"]
[EventCategory "9"]
[SourceTitle "CBM 091"]
[Source "ChessBase"]
[SourceDate "2002.11.12"]
[SourceVersion "1"]
[SourceVersionDate "2002.11.12"]
[SourceQuality "1"]

1. c4 c5 2. Nf3 Nf6 3. Nc3 Nc6 4. d4 cxd4 5. Nxd4 e6 6. a3 {In demselben
Turnier spielte Großmeister Agrest schon zweimal die Fortsetzung 6.g3. Jetzt
probiert er eine andere Variante. Die Idee des Textzugs ist, dass Weiß die
mögliche Fesselung mit Bb4 vermeidet.} b6 {Das ist eine wirklich seltene
Fortsetzung - nach 6...Nxd4 7.Qxd4 spielt man gewöhnlich 7...b6, aber in
unserer konkreten Stellung wird das weniger gespielt.} (6... Nxd4 7. Qxd4 b6 8.
e4 Bc5 9. Qd1 Bb7 10. Bd3 Qb8 (10... O-O 11. e5 Ne8 12. O-O f5 13. exf6 Nxf6
14. b4 Be7 15. Qe2 $14 {1/2-1/2 Sokolov,I-Leko,P/Groningen 1996/CBM 57/[Ribli]
(46)}) 11. Qe2 Qe5 12. f4 Qh5 13. Qxh5 Nxh5 14. Nb5 O-O 15. b4 Be7 16. O-O d6
17. Bb2 a6 18. Nd4 Bf6 19. g3 {0-1 Anic,D-Palac,M/Makarska 1997/EXT 99 (49)})
7. e4 {Dieser Zug ist natürlich, aber der Springertausch kommt auch in
Betracht.} (7. Nxc6 dxc6 8. Qxd8+ Kxd8 9. Bf4 Ba6 10. e4 Nh5 11. O-O-O+ Ke8 12.
Be3 e5 13. g3 Nf6 14. Be2 g6 15. f4 Bh6 16. Kc2 Ke7 17. fxe5 {1-0 Tabatadze,
T-Ninov,N/Antwerp 1992/CBM 30 ext (27)}) 7... Bb7 8. Nf3 {Mit diesem Zug
vermeidet Weiß den Springertausch und verhindert die Möglichkeit d7-d5.} (8.
Be2 Nxd4 9. Qxd4 Bc5 10. Qd3 Qc7) 8... Qc7 (8... d6) 9. Be2 a6 {Wir haben eine
Igelstellung - Weiß kontrolliert mehr Raum, aber Schwarz hat keine Schwächen
und eine elastische Stellung.} 10. Bg5 (10. O-O) 10... h6 (10... Be7 11. Rc1 {
[%cal Gc1c7] Schwarz muss in einigen Varianten mit Nd5 rechnen.}) 11. Bh4 (11.
Bxf6 gxf6 $11 {Die schwarze Bauernstruktur ist zwar geschwächt, aber er hat
gute Kontrolle über die schwarzen Felder.}) 11... Nh5 {[%cal Gg7g5] Schwarz
möchte den h4-Läufer tauschen und bereitet den Zug 12...g5 vor.} 12. O-O g5 13.
Bg3 Nxg3 14. hxg3 $13 {Schwarz hat das Läuferpaar, aber seine Bauernstruktur
ist geschwächt.} g4 (14... Bg7 {[%csl Gg7][%cal Gg7a1]} 15. Rc1 g4 $13) 15. Nd4
h5 {[%cal Gh5h4]} (15... Bg7 $6 16. Nxc6 Bxc6 17. Bxg4 h5 18. Bxh5 Bxc3 19.
bxc3 Qe5 20. Bf3 (20. g4 Qxe4 21. f3 Qxc4 $15) 20... Qg7 21. Re1 Qh6 22. Kf1
$14) 16. Nxc6 Bxc6 {[%csl Gc6,Gf8]} (16... Qxc6 $5 $13) (16... dxc6 $5 $13) 17.
Qd4 Rh7 $6 (17... Rg8 $142) {[#]} 18. Nd5 $5 {[%mdl 64] Ein interessantes
Springeropfer, das in Igelstellungen typisch ist.} Bxd5 (18... exd5 19. exd5
O-O-O (19... Bb7 20. Qe4+ {[%cal Re4e8,Re4h7]}) 20. dxc6 dxc6 21. Qe4 Rh6 22.
Rad1 $11) 19. exd5 f5 {Auf diese Weise verteidigt sich Weiß gegen das Motiv
Qe4.} (19... O-O-O $2 20. dxe6 fxe6 21. Qe4 {[%cal Re4h7,Re4a8]}) (19... Bg7
20. Qd3 (20. Qe4 f5) 20... Rh6 21. Rab1 $36) 20. Bd3 O-O-O (20... Bg7) 21. Qf6
(21. c5 Bxc5 22. Bxa6+ Kb8 23. Qf6 {Mit Zugumstellung haben wir unsere
Partiefortsetzung.}) 21... h4 22. c5 (22. gxh4 Be7 (22... g3 $5) 23. Qg6 Rxh4
24. g3 Bc5 25. Kg2 Rh3 26. Rh1 Qe5 $19 {[%csl Gc5,Ge5,Rg2,Gh3]}) 22... Bxc5 (
22... b5 23. d6 (23. gxh4 Bg7 24. Qg6 Rdh8 25. g3 Bd4 26. Kg2 Rg7 $19 {[%csl
Rg6]}) 23... Qc6 $13) 23. Bxa6+ Kb8 24. d6 $1 {Mit diesem Zug verjagt Weiß
eigentlich den Läufer von c5.} Bxd6 25. Rfc1 Bc5 (25... Be7 $2 26. Qg6 $18) (
25... Rf8 $2 26. Qg6 $18) 26. b4 {[%cal Gc1c7]} (26. gxh4 $2 Rdh8 $19) 26...
hxg3 {Schwarz verliert seinen c5-Läufer, aber am Königsflügel hat er seine
Gegenchancen.} (26... Rdh8) 27. bxc5 gxf2+ 28. Kf1 (28. Kxf2 Qf4+ 29. Ke2 Qe4+
$11) 28... Rdh8 {Schwarz hat drei Bauern für die Figur und beide Könige stehen
in etwas unsicherer Stellung.} (28... Rh1+ 29. Ke2 Rxc1 30. Rxc1 bxc5 31. Rb1+
Ka8 $13) 29. Qd4 (29. cxb6 Rh1+ 30. Ke2 f1=Q+ 31. Rxf1 Qc2+ 32. Ke1 Qe4+ 33.
Be2 Rxf1+ 34. Kxf1 Rh1+ 35. Kf2 Qf4+ 36. Bf3 Qd2+ 37. Be2 Qf4+ $11) 29... Qg3 (
29... e5 30. Qxf2 $16) 30. Qd6+ $6 {Weiß tauscht die Damen, was scheinbar
logisch ist, aber die Alternative scheint mir besser.} (30. Rab1 $1 Rh1+ 31.
Ke2 f1=Q+ 32. Rxf1 Qxg2+ 33. Rf2 Qxf2+ 34. Kxf2 (34. Qxf2 Rxb1 $132) 34...
R8h2+ 35. Kg3 Rh3+ 36. Kf4 Rxb1 37. cxb6 $18) 30... Qxd6 31. cxd6 g3 {[%csl
Gf2,Gg3][%mdl 4096] Die schwarze Bauern sind auch im Endspiel wertvoll am
Königsflügel.} 32. Ke2 e5 33. Rab1 (33. Kf3 Rh4 (33... f4 34. Rc7 $16) (33...
Rg8) 34. Kxg3 Rf4 {[%csl Gf2,Gf4,Rg3]} 35. Rc3 Rg8+ 36. Kh2 Rh4+ 37. Rh3 Rhg4
38. Bf1 Rd4 39. Ra2 Rxd6 40. Rxf2 $16) 33... Rh6 34. Rd1 (34. Rxb6+ $2 Ka7 $17
{[%csl Ra6,Rb6]}) 34... Ka7 (34... R8h7) 35. Bb5 Rc8 (35... R8h7 36. Rbc1 Kb8)
36. Bxd7 Rc2+ 37. Kd3 $6 (37. Kf3 Rc3+ $11) 37... Ra2 (37... Rb2 $1 38. Bxf5 (
38. Rxb2 Rxd6+ $19) 38... Rxd6+ 39. Kc3 Rxd1 40. Rxd1 Ra2 $17) 38. Bxf5 (38.
Kc4 $5) 38... Rxd6+ 39. Ke3 Rxa3+ 40. Ke4 Rf6 (40... Rxd1 $5 41. Rxd1 b5 42.
Rf1 (42. Kxe5 Re3+ $19 {[%csl Gf2][%cal Re3e5,Re3e1]}) 42... b4 43. Kxe5 b3 $17
44. Kd4 b2 45. Bd3 Kb6 $15) 41. Kxe5 Rf8 42. Rd7+ Ka6 (42... Ka8 43. Be4+ Kb8
44. Rb7+ $18) 43. Rd6 (43. Bd3+ Rxd3 44. Rxd3 f1=Q 45. Rxf1 Rxf1 46. Rxg3 $11)
43... Re8+ 44. Be6 (44. Kf4 Re1 45. Rdxb6+ Ka7 46. Rb7+ Ka6 $11) 44... Re3+ 45.
Kd5 Re1 46. Rbxb6+ Ka7 (46... Ka7 47. Ra6+ Kb7 48. Rab6+ $11 (48. Rdb6+ $11))
1/2-1/2